| 000 | 01137nam a2200301Ia 4500 | ||
|---|---|---|---|
| 000 | nam a22 i 4500 | ||
| 001 | UNACH-11377 | ||
| 007 | ta | ||
| 008 | 221212s ||||fr|||| 00| | spa d | ||
| 020 | _a978-970-10-4140-6 | ||
| 041 | 0 | _aspa | |
| 082 | 0 | 4 |
_a150 _bPsicología |
| 100 | 1 |
_aFeldman, Robert S., _eautor |
|
| 245 | 1 | 0 | _aINTRODUCCIÓN A LA PSICOLOGÌA |
| 250 | _a4 ed. | ||
| 264 | 3 | 1 |
_aMexico, Bogotà, Buenos Aires, Caracas, Guatemala : _bMc GRAW HILL, _c2003 |
| 300 |
_a563 páginas : _bfotografías, cuadros, textura, texto |
||
| 336 |
_atexto _btxt _2rdacontent |
||
| 337 |
_ano mediado _bn _2rdamedia |
||
| 338 |
_avolumen _bnc _2rdacarrier |
||
| 504 | _aIncluye: ìndice | ||
| 505 | 0 | _aCap1: Introducción a la psicología.-- Cap2: Bases biológicas del comportamiento.-- Cap3: Sensación y percepción.-- Cap4: Estados de conciencia.-- Cap5: Aprendizaje.-- Cap6: Memoria.-- Cap7: Cogniciòn.-- Cap8: Inteligencia.-- Cap9: Motivación y emoción.-- Cap10: Personalidad. | |
| 650 | 1 | 4 | _aPERSONALIDAD Y ACTITUDES |
| 650 | 2 | 4 | _aPERSONALIDAD |
| 650 | 2 | 4 | _aPERSONALIDAD HUMANA |
| 942 |
_2ddc _c1 _n0 |
||
| 999 |
_c8838 _d8838 |
||